| 000 | 00000nam##2200000za#4500 |
| 001 | 9.694138 |
| 003 | CaOODSP |
| 005 | 20220901140051 |
| 007 | cr ||||||||||| |
| 008 | 150407|2006||||xxc|||||o f|0| 0 eng|d |
| 040 | |aCaOODSP|beng |
| 043 | |an-cn--- |
| 086 | 1 |aJ4-9/2006E-PDF |
| 110 | 1 |aCanada.|bJustice Canada. |
| 245 | 10|aFederal Victim Surcharge in New Brunswick : |h[electronic resource]|ban operational review / |c[by] M. A. Law and S. M. Sullivan. |
| 260 | |aOttawa - Ontario : |bJustice Canada |c2006. |
| 300 | |a65p.|breferences, tables |
| 590 | |a11-02-Supp|b2011-01-27 |
| 690 | 07|aFines|2gcpds |
| 720 | 1 |aLaw, M. A. |
| 720 | 1 |aSullivan, S. M. |
| 775 | 08|tImposition de la suramende compensatoire fédérale au Nouveau-Brunswick : |w(CaOODSP)9.638318 |
| 856 | 40|ahttp://publications.gc.ca|qPDF|s343 KB|uhttps://publications.gc.ca/collections/collection_2010/justice/J4-9-2006-eng.pdf |
| 986 | |arr07-vic2e |